000
00244nam a22001217a 4500
040
_c
SK
082
_a
633
100
_a
SHUKLA PRABHAT
245
_a
Oilseeds processing technology
260
_a
INDIA
_b
SHU
_c
1992
300
_a
268p.
942
_c
EK
999
_c
8618
_d
8618